Tecnología, innovación y empresa /

Contiene: La tecnología; La innovación tecnológica; Los sistemas de ciencia, tecnología e industria: su incidencia sobre la innovación empresarial; El acceso de la empresa a la tecnología; Estrategia de innovación tecnológica.

Enregistré dans:
Détails bibliographiques
Auteur principal: Benavides, Carlos A. (autor)
Format: Livre
Langue:espagnol
Publié: Madrid, España : Pirámide, 1998, c1998
Collection:(Empresa y Gestión Pirámide)
Sujets:
Tags: Ajouter un tag
Pas de tags, Soyez le premier à ajouter un tag!

MARC

LEADER 00000nam^a2200000^a^4500
001 000146428
005 20250521000000.0
009 20260310095911.588
020 |a 84-368-1178-X 
037 |a Acervo ITESO - Biblioteca 
041 |a ESP 
082 |a 658. 514  |b BEN 
100 |a Benavides, Carlos A.  |e (autor) 
245 1 0 |a Tecnología, innovación y empresa /  |c C.A. Benavides ; pról. de Aquilino A. Aguirre Sádaba. 
264 4 |a Madrid, España :  |b Pirámide,  |c 1998, c1998 
300 |a 364 p. 
336 |a texto  |b txt  |2 rdacontenido 
337 |a sin mediación  |b n  |2 rdamedio 
338 |a volumen  |b nc  |2 rdasoporte 
440 1 |a (Empresa y Gestión Pirámide) 
520 |a Contiene: La tecnología; La innovación tecnológica; Los sistemas de ciencia, tecnología e industria: su incidencia sobre la innovación empresarial; El acceso de la empresa a la tecnología; Estrategia de innovación tecnológica. 
521 |a 2012-2016 BO Currículum Universitario 
521 |a 2013 BO Licenciatura en Ingeniería en Empresas de Servicios 
521 |a 2016 BO Licenciatura en Ingeniería en Redes y Telecomunicaciones Acreditación 
649 |a XX 
650 |a Empresas -  |x Administración 
650 |a Industria -  |x Administración 
650 |a Desarrollo Tecnológico -  |x Tema Principal 
650 |a Tecnología y Sociedad 
650 |a Planeación Estratégica 
650 |a Planeación Administrativa 
650 |a Proceso Administrativo 
650 |a Ingeniería Industrial 
650 |a Ciencias Administrativas 
910 |a Fondo General 
920 |a Impresos - Libros 
930 |a Colección General 
905 |a 101 
901 |a 0500075628  |b IT1  |c ACC  |u 20250521 
901 |a 0500103766  |b IT1  |c ACC  |u 20250521 
901 |a 0500107119  |b IT1  |c ACC  |u 20250521 
901 |a 0500107154  |b IT1  |c ACC  |u 20250521 
901 |a 0500107116  |b IT1  |c ACC  |u 20250521 
902 |a https://opac.biblio.iteso.mx/vufind/Record/000146428